000
003180000a22001210004500
008
230817t ||||| |||| 00| 0 eng d
082
_a
305.23
_b
REV
245
_a
A review of the situation of children:
_b
Sri Lanka
260
_a
New Delhi:
_b
UNICEF,
_c
1986
300
_a
43 p.
650
_a
CHILDREN-Sri Lanka
942
_c
RP
999
_c
1711
_d
1711